00784cam a2200229 a 450000100100000000500170001000800410002703500190006804000230008708200230011010000240013324501270015725000110028426000370029530000320033250400400036465000170040465000360042165000230045765000340048070000400051400001483020250501120733.0800131s1973 mx a 000 0 spa d a(OCoLC)5931658 aDO-SdBNPcTxUdDLC a304.6bV659e, 19731 aViel V., Benjamín13aLa explosión demográfica :b¿cuántos son demasiados? /cBenjamín Viel V. ; prólogo de Álvaro García Peña. a3a ed. aMéxico :bPax-México,c1973. axx, 329 p. :bil. ;c21 cm. aIncluye bibliografía (p. 321-328) 0aDemografía 4aControl natalzAmérica Latina 0aProblemas sociales 4aPoblaciónzAmérica Latina1 aGarcía Peña, Álvaro,epról.